00880cam a22002531 4500001001300000003000400013005001700017008004100034010001700075035002000092040001800112042001200130050001600142082001200158100003200170245016800202260006200370300005300432500004200485500001800527651002400545710004000569999001700609ca 36000373 DLC20260227111141.0860408s1936 nyuacf 000 0 eng  aca 36000373  a(OCoLC)13406521 aDLCcIHidDLC apremarc00aF129.R8bS6 a974.7241 aSmith, Valentine W.,d1868-10aFar Rockaway in reminiscence,cby Valentine W. Smith; an address delivered at the noonday meeting of the Exchange Club in Far Rockaway, Tuesday, November 13, 1934. aJamaica, N.Y.,bThe Queens Borough Public Library,c1936. a30, [6] p.bfront. (port.) 1 illus., pl.c28 cm. aAll of the illustrations are mounted. aMultigraphed. 0aFar Rockaway (N.Y.)2 aExchange Club of Far Rockaway, N.Y. c18073d18073